Whale done!: (Record no. 2516)

MARC details
000 -LEADER
fixed length control field 02153nam a22002417a 4500
005 - DATE AND TIME OF LATEST TRANSACTION
control field 20231213144628.0
020 ## - INTERNATIONAL STANDARD BOOK NUMBER
International Standard Book Number 9781857886795
040 ## - CATALOGING SOURCE
Original cataloging agency DLC
Transcribing agency DLC
Language of cataloging eng
050 00 - LIBRARY OF CONGRESS CALL NUMBER
Classification number SDA 54657
082 ## - DEWEY DECIMAL CLASSIFICATION NUMBER
Classification number 158.2
100 1# - MAIN ENTRY--PERSONAL NAME
Personal name Blanchard, Kenneth H.
245 10 - TITLE STATEMENT
Title Whale done!:
Remainder of title the power of positive relationships /
250 ## - EDITION STATEMENT
Edition statement First published in hardback in 2002
260 ## - PUBLICATION, DISTRIBUTION, ETC.
Place of publication, distribution, etc. London :
Name of publisher, distributor, etc. Nicholas Brealey Publishing,
Date of publication, distribution, etc. 2002
300 ## - PHYSICAL DESCRIPTION
Extent 123 pages :
Dimensions 20 cm
500 ## - GENERAL NOTE
General note Compact disc.
505 ## - FORMATTED CONTENTS NOTE
Formatted contents note T
520 ## - SUMMARY, ETC.
Summary, etc. What do employees and coworkers have in common with a five-ton killer whale? A whole lot more than you think, according to the mega-bestselling author Ken Blanchard and his coauthors from SeaWorld. Whales respond best to positive reinforcement. So do humans. In this moving and inspirational new audiobook, Blanchard explains how using the techniques of animal trainers -- specifically those responsible for the killer whales of SeaWorld -- can supercharge your effectiveness at work and at home. When gruff business manager and family man Wes Kingsley visited SeaWorld, he marveled at the ability of the trainers to lead huge killer whales in performing acrobatic leaps and dives. Later, talking to the chief trainer, he learned their techniques of building trust, accentuating the positive, and redirecting negative behavior -- all of which make these extraordinary performances possible. Kingsley took a hard look at his own often accusatory management style and recognized how some of his shortcomings as a manager, spouse, and father actually diminish trust and damage relationships. He began to see the difference between "GOTcha" (catching people doing things wrong) and "Whale Done!" (catching people doing things right). In Whale Done!, Ken Blanchard shows how positive reinforcement and redirection can help increase productivity. These techniques are remarkably easy to master and can be applied equally well at home, allowing listeners to become better parents and more committed spouses and have happier personal lives.
521 ## - TARGET AUDIENCE NOTE
Target audience note 800
Source Lexile estimate
521 ## - TARGET AUDIENCE NOTE
Target audience note T
Source Raz-Plus
942 ## - ADDED ENTRY ELEMENTS (KOHA)
Source of classification or shelving scheme Dewey Decimal Classification
Koha item type Books
Suppress in OPAC No
999 ## -
-- 2516
-- 2516
Holdings
Withdrawn status Lost status Source of classification or shelving scheme Damaged status Not for loan Collection Home library Current library Shelving location Date acquired Total Checkouts Full call number Barcode Date last seen Date last checked out Price effective from Koha item type
    Dewey Decimal Classification     Non-Fiction Footprints International School Library Network Toul Kork Campus Footprints International School Library Network Toul Kork Campus TTP Secondary Non-Fiction Bookshelves 12/13/2023 2 BLA 158.2 BF503.W48 2023-0775 12/01/2025 11/10/2025 12/13/2023 Books